Anastasia at your service /

Twelve-year-old Anastasia has a series of disastrous experiences when, expecting to get a job as a lady's companion, she is hired instead to be a maid. Sequel to "Anastasia again."

Bibliographic Details
Main Author: Lowry, Lois
Other Authors: De Groat, Diane (Illustrator)
Format: Book
Language:English
Published: Boston : Houghton Mifflin, 1982.
Subjects:

MARC

Tag First Indicator Second Indicator Subfields
LEADER 00000cam a2200000 a 4500
001 in00000017177
005 20151007053412.0
008 820506s1982 maua j 00011 eng
010 |a  82009231  
020 |a 0395328659 
035 |a (OCoLC)08475205 
035 |9 AAB1533AM 
040 |a DLC  |c DLC  |d m/c  |d TXA  |d UtOrBLW 
049 |a [Curr Col] TXAM  |c [A11061650] 
050 0 0 |a PZ7.L9673  |b Amd 1982 
082 0 |a [Fic]  |2 19 
100 1 |a Lowry, Lois. 
245 1 0 |a Anastasia at your service /  |c Lois Lowry ; decorations by Diane DeGroat. 
264 1 |a Boston :  |b Houghton Mifflin,  |c 1982. 
300 |a 149 pages :  |b illustrations ;  |c 22 cm. 
336 |a text  |b txt  |2 rdacontent 
337 |a unmediated  |b n  |2 rdamedia 
338 |a volume  |b nc  |2 rdacarrier 
520 |a Twelve-year-old Anastasia has a series of disastrous experiences when, expecting to get a job as a lady's companion, she is hired instead to be a maid. Sequel to "Anastasia again." 
650 1 |a Household employees  |x Fiction. 
650 1 |a Friendship  |x Fiction. 
700 1 |a De Groat, Diane,  |e illustrator. 
999 |a MARS 
999 f f |s d598be33-395b-3f74-bc75-2c8840642ac2  |i f2c224f5-70a5-35d7-a01d-ea2043863bb2  |t 0 
952 f f |p ric  |a Texas A&M University  |b Rellis Campus  |c Joint Library Facility  |d Remote Storage  |t 0  |e PZ7.L9673 Amd 1982  |h Library of Congress classification  |i unmediated -- volume  |m A14811061650 
998 f f |a PZ7.L9673 Amd 1982  |t 0  |l Remote Storage